000 00310nam a2200133 i 4500
001 bg
100 1 _aKOMAROV, B. W.
245 0 _aNovaja zanimatelnaja astronomija /
_cB.W. Komarow.
260 _aMoskwa,
_c1972.
040 _cBPK
041 _apol
942 _cKS
008 s pl f |000 0 pol
999 _c15094
_d15094
856 _uhttp://koha.tu.koszalin.pl/cgi-bin/koha/opac-detail.pl?biblionumber=15094
_yKatalog online BPK